Aladino e a lâmpada maravilhosa (Registo nº 4547)
[ vista simples ]
| 000 -Etiqueta do registo | |
|---|---|
| Cabeçalho | 00552nam0a2200205 4500 |
| 005 - Identificador da versão | |
| Campo de controlo | 20240813122105.0 |
| 100 ## - Dados gerais de processamento | |
| Dados gerais de processamento | 20161215d1984 c y0pory5003 ba |
| 102 ## - Pais de publicação ou produção | |
| País de publicação | Portugal |
| 101 1# - Língua de publicação | |
| Língua do texto, banda sonora, etc. | Português |
| Língua do documento no original | Árabe |
| 215 ## - Descrição física | |
| Indicação específica da natureza do documento e extensão da espécie | [8] p. |
| Outras indicações físicas | il. color |
| 200 1# - Titulo e menção de responsabilidade | |
| Título próprio | Aladino e a lâmpada maravilhosa |
| 225 1# - Colecção | |
| Título próprio da colecção | Série infantil |
| Indicação de volume | 8 |
| 210 ## - Publicação, Distribuição, etc. | |
| Lugar da edição, distribuição, etc. | [S. l.] |
| Nome do editor, distribuidor, etc. | Majora |
| Data da publicação, distribuição, etc. | [1984?] |
| Data da impressão | imp. 1986 |
| 606 ## - Nome comum usado como assunto | |
| Número de registo de entrada de autoridade | 0001490 |
| Palavra de ordem | Literaturas árabes |
| Subdivisão de assunto | Conto |
| Código do sistema | CA |
| 675 ## - Classificação Decimal Universal (CDU) | |
| Notação | 821.411.21-34 |
| Edição | 3ª ed. |
| Língua da edição | por |
| 966 ## - Identificação da Biblioteca | |
| Sigla | EBVEN |
| 942 ## - Elementos de entrada adicionados (Koha) | |
| Tipo de item no Koha | Livro |
| Situação do levantamento | Origin of item (home branch) (coded) | Biblioteca de empréstimo | Código de barras | Cota | Circulation type (not for loan) | Tipo de documento | Nota do exemplar | Damaged status |
|---|---|---|---|---|---|---|---|---|
| Biblioteca Escolar das Vendas | Biblioteca Escolar das Vendas | BEV1555 | 8EST ALA | Livro | Sem mensagem |
